[Event "13e tournoi d'automne - tournoi B"]
[Site "Montigny le Bretonneux"]
[Date "2014.10.22"]
[Round "5.5"]
[White "Couronne, Patrice"]
[Black "Mourgues, Joelle"]
[Result "1-0"]
[WhiteElo "1698"]
[BlackElo "1697"]
[Annotator "Rivier,Sylvain"]
[PlyCount "71"]
[EventDate "2014.??.??"]

{Défense Nimzo-indienne, variante classique} 1. d4 Nf6 2. c4 e6 3. Nc3 Bb4 4.
Qc2 O-O 5. a3 Bxc3+ 6. Qxc3 Ne4 7. Qc2 f5 8. Nf3 c5 9. dxc5 b6 10. Nd2 Nxd2 11.
Bxd2 bxc5 12. Bf4 Qa5+ 13. Qd2 Qxd2+ 14. Kxd2 Nc6 15. Bd6 Rf7 16. Bxc5 Na5 17.
Kc3 Ba6 18. e3 Rc8 19. b4 Nxc4 20. Bxc4 Bxc4 21. Bxa7 Bf1+ 22. Kb2 Bxg2 23.
Rhc1 Ra8 24. Rc7 d6 25. Rxf7 Kxf7 26. Bb6 e5 27. Rc1 Ra6 28. Bc7 Ke6 29. b5 Ra8
30. Rg1 Be4 31. Rxg7 Rf8 32. Rxh7 f4 33. Rh6+ Kd7 34. Bxd6 Rf7 35. Bxe5 fxe3
36. fxe3 1-0

[Event "13e tournoi d'automne - tournoi B"]
[Site "Montigny le Bretonneux"]
[Date "2014.10.23"]
[Round "6.1"]
[White "Billot, Daniel"]
[Black "Amiard, Jean-Claude"]
[Result "1-0"]
[WhiteElo "1793"]
[BlackElo "1704"]
[Annotator "Rivier,Sylvain"]
[PlyCount "21"]
[EventDate "2014.??.??"]

{Défense sicilienne, variante Alapine} 1. e4 c5 2. c3 d5 3. exd5 Qxd5 4. d4 Nc6
5. Nf3 cxd4 6. cxd4 e5 7. Nc3 Bb4 8. Bd2 Bxc3 9. Bxc3 e4 10. Ne5 Nf6 11. Bc4
1-0

[Event "13e tournoi d'automne - tournoi B"]
[Site "Montigny le Bretonneux"]
[Date "2014.10.23"]
[Round "6.2"]
[White "Mourgues, Joelle"]
[Black "Branson, James"]
[Result "1-0"]
[WhiteElo "1697"]
[BlackElo "1779"]
[Annotator "Rivier,Sylvain"]
[PlyCount "103"]
[EventDate "2014.??.??"]

{Partie du pion dame} 1. Nf3 d5 2. d4 Nf6 3. h3 Nbd7 4. Bf4 e6 5. e3 c5 6. c3
Qb6 7. Qb3 c4 8. Qxb6 Nxb6 9. Nbd2 Bd7 10. Ne5 Rc8 11. Be2 Na4 12. Rb1 b5 13.
O-O a5 14. Nxd7 Kxd7 15. a3 Bd6 16. Bg5 b4 17. axb4 axb4 18. Rfc1 Rc7 19. Bd1
Ra8 20. f3 Nb6 21. e4 Ne8 22. e5 Bf8 23. f4 Ra2 24. Kf1 b3 25. Bh4 Na4 26. Nxb3
Rxb2 27. Na5 Ra2 28. Rb8 f6 29. Nb7 Rc8 30. Bxa4+ Rxa4 31. Rxc8 Kxc8 32. Rb1
Ra7 33. Nc5 Bxc5 34. dxc5 fxe5 35. fxe5 Rb7 36. Ra1 Nc7 37. Ke2 Kd7 38. Ke3 Kc6
39. Be7 Nb5 40. Ra6+ Kc7 41. Rxe6 Nxc3 42. Bd6+ Kd8 43. c6 Rc7 44. Bb4 Nb5 45.
Ba5 d4+ 46. Kd2 d3 47. g4 g5 48. Bb6 h5 49. gxh5 g4 50. hxg4 c3+ 51. Kxd3 c2
52. Kxc2 1-0

[Event "13e tournoi d'automne - tournoi B"]
[Site "Montigny le Bretonneux"]
[Date "2014.10.23"]
[Round "6.3"]
[White "Rousseau, Philippe"]
[Black "Artieres, Michel"]
[Result "1-0"]
[WhiteElo "1760"]
[BlackElo "1710"]
[Annotator "Rivier,Sylvain"]
[PlyCount "115"]
[EventDate "2014.??.??"]

{Défense scandinave} 1. e4 d5 2. exd5 Nf6 3. Nf3 Nxd5 4. c4 Nb6 5. d4 g6 6. Be3
Bg7 7. h3 N8d7 8. Nc3 Nf6 9. Be2 O-O 10. O-O c6 11. a3 a5 12. Qc2 Bf5 13. Bd3
Nxc4 14. Bxf5 Nxe3 15. fxe3 gxf5 16. Qxf5 e6 17. Qc2 Bh6 18. Rfe1 Nd5 19. e4
Ne7 20. Rad1 Qc7 21. Qf2 Qf4 22. g3 Qc7 23. a4 Rad8 24. Kg2 Kh8 25. e5 Rg8 26.
Nh4 Rg7 27. Re4 Rdg8 28. g4 Bg5 29. Nf3 Nf5 30. Kh1 Ne7 31. Nxg5 Rxg5 32. Qxf7
R5g6 33. Rf1 Nd5 34. Qf3 Nxc3 35. bxc3 c5 36. Rf4 Qc6 37. Qxc6 bxc6 38. Rb1 h5
39. Rg1 hxg4 40. hxg4 Kg7 41. Kg2 Rb8 42. dxc5 Rb2+ 43. Kg3 Re2 44. Rd1 Rxe5
45. Rd7+ Kh6 46. Rd3 Kg5 47. Rc4 Re1 48. Rd6 e5 49. Kf2 Rc1 50. Ke2 Rf6 51. Re4
Rff1 52. Rxe5+ Kxg4 53. Rd4+ Rf4 54. Ree4 Rxe4+ 55. Rxe4+ Kf5 56. Rc4 Ke5 57.
Kd2 Kd5 58. Rd4+ 1-0

[Event "13e tournoi d'automne - tournoi B"]
[Site "Montigny le Bretonneux"]
[Date "2014.10.23"]
[Round "6.4"]
[White "Fayolle, Guy"]
[Black "Wuhrmann, Daniel"]
[Result "0-1"]
[WhiteElo "1754"]
[BlackElo "1739"]
[Annotator "Rivier,Sylvain"]
[PlyCount "153"]
[EventDate "2014.??.??"]

{Défense sicilienne, fariante Najdorf} 1. e4 c5 2. Nf3 d6 3. d4 cxd4 4. Nxd4
Nf6 5. Nc3 a6 6. Be3 Ng4 7. Bg5 h6 8. Bh4 g5 9. Bg3 Bg7 10. h3 Ne5 11. f4 Nec6
12. Nxc6 Bxc3+ 13. bxc3 Nxc6 14. Be2 Qa5 15. Qd3 h5 16. O-O h4 17. Bh2 Rg8 18.
fxg5 Qxg5 19. Qf3 Be6 20. Bf4 Qg7 21. Kh1 O-O-O 22. Rab1 Ne5 23. Qf2 Nc4 24.
Rg1 Kb8 25. Bxc4 Bxc4 26. Qb6 Rd7 27. Rb4 Qxc3 28. Be3 Rc7 29. Bd4 Qg3 30. Bf2
Qg5 31. Qa7+ Kc8 32. Bb6 Rc6 33. Qa8+ Kd7 34. Qxb7+ Ke6 35. Qxc6 Be2 36. Qd5+
Qxd5 37. exd5+ Kxd5 38. Re1 Bb5 39. Rxe7 Bf1 40. Rg4 Rb8 41. Rg5+ Kc6 42. Bd4
Rb1 43. Kh2 Bc4 44. Ra5 Rd1 45. Re4 Bf1 46. c3 Rd2 47. Rg4 d5 48. Rc5+ Kd6 49.
Rg5 Bc4 50. Rf5 Rxa2 51. Rxf7 a5 52. Ra7 a4 53. Ra6+ Bxa6 54. Ra5 Bc4 55. Bc5+
Kc6 56. Kg1 Bd3 57. Be7 Be4 58. Bxh4 Rxg2+ 59. Kf1 Rb2 60. Be7 Bg2+ 61. Ke1
Bxh3 62. Bb4 Bg2 63. Kd1 Be4 64. Kc1 Bd3 65. Rc5+ Kd6 66. Ra5+ Ke5 67. Ra7 Ke4
68. Re7+ Kf3 69. Re5 Be4 70. Rh5 a3 71. Rh3+ Kg4 72. Rh8 Rc2+ 73. Kd1 a2 74.
Ra8 Rh2 75. Rg8+ Kf3 76. Rf8+ Ke3 77. Rf1 0-1

[Event "13e tournoi d'automne - tournoi B"]
[Site "Montigny le Bretonneux"]
[Date "2014.10.23"]
[Round "6.5"]
[White "Duval, Dominique"]
[Black "Couronne, Patrice"]
[Result "1-0"]
[WhiteElo "1730"]
[BlackElo "1698"]
[Annotator "Rivier,Sylvain"]
[PlyCount "47"]
[EventDate "2014.??.??"]

{Partie du pion dame} 1. d4 Nf6 2. Nf3 g6 3. Nc3 d5 4. Bf4 Bg7 5. e3 c6 6. Be2
O-O 7. Ne5 Nbd7 8. h4 Nxe5 9. dxe5 Ne4 10. h5 g5 11. h6 Bh8 12. Bh2 Qa5 13. f4
Bf5 14. O-O Qb6 15. Nxe4 Bxe4 16. Qd2 f6 17. Bd3 g4 18. Bxe4 dxe4 19. Qd7 Qxe3+
20. Kh1 f5 21. Qxe7 Rf7 22. Qg5+ Kf8 23. Bg1 Bf6 24. exf6 1-0

[Event "13e tournoi d'automne - tournoi B"]
[Site "Montigny le Bretonneux"]
[Date "2014.10.24"]
[Round "7.1"]
[White "Artieres, Michel"]
[Black "Billot, Daniel"]
[Result "0-1"]
[WhiteElo "1710"]
[BlackElo "1793"]
[Annotator "Rivier,Sylvain"]
[PlyCount "74"]
[EventDate "2014.??.??"]

{Défense scandinave} 1. e4 d5 2. exd5 Qxd5 3. Nc3 Qd6 4. d4 Nf6 5. Nf3 a6 6.
Be3 Nc6 7. Qd2 Bf5 8. Nh4 Bg6 9. Be2 e6 10. Bf4 Qd7 11. Nxg6 hxg6 12. O-O-O
O-O-O 13. Be3 Bb4 14. Bf3 Nd5 15. Bxd5 Bxc3 16. Qxc3 Qxd5 17. f3 Qxa2 18. b3
Qa3+ 19. Kd2 Nxd4 20. Bxd4 e5 21. Ke2 exd4 22. Rxd4 Rde8+ 23. Kf2 Qe7 24. Re4
Qf6 25. Qe3 Rxe4 26. Qxe4 Qb6+ 27. Kg3 f5 28. Qe5 Qf6 29. Qxf6 gxf6 30. h4 Kd7
31. Kf4 Ke6 32. Re1+ Kf7 33. g3 Rd8 34. c3 Rd3 35. Re3 g5+ 36. hxg5 fxg5+ 37.
Kxf5 Rxe3 0-1

[Event "13e tournoi d'automne - tournoi B"]
[Site "Montigny le Bretonneux"]
[Date "2014.10.24"]
[Round "7.2"]
[White "Branson, James"]
[Black "Duval, Dominique"]
[Result "1-0"]
[WhiteElo "1779"]
[BlackElo "1730"]
[Annotator "Rivier,Sylvain"]
[PlyCount "109"]
[EventDate "2014.??.??"]

{Défense Grünfeld, variante fermée} 1. e4 c5 2. Nf3 g6 3. c3 Bg7 4. d4 cxd4 5.
cxd4 d5 6. exd5 Nf6 7. Bc4 Nxd5 8. Nc3 Nb6 9. Bb3 O-O 10. O-O Bg4 11. d5 N8d7
12. h3 Bxf3 13. Qxf3 Ne5 14. Qg3 Nec4 15. Rd1 Nd6 16. Bf4 Rc8 17. Qe3 Nf5 18.
Qd3 Nd7 19. Na4 Nc5 20. Nxc5 Rxc5 21. Rac1 Rxc1 22. Rxc1 Bxb2 23. Re1 Ba3 24.
g4 Ng7 25. Qc3 Bd6 26. Bh6 f6 27. Be3 Qb8 28. Bd4 Qc8 29. Qd2 b6 30. Rc1 Qd7
31. Rc6 Kf7 32. Qc3 h5 33. g5 Ne8 34. Qf3 Qf5 35. Qxf5 gxf5 36. h4 fxg5 37.
hxg5 Kg6 38. f4 h4 39. Kg2 Ng7 40. Kh3 Kf7 41. Be5 Ne8 42. Kxh4 Rg8 43. a4 Ng7
44. Kg3 Nh5+ 45. Kf3 Rd8 46. Bxd6 Rxd6 47. Rc7 a6 48. Rb7 a5 49. Bc4 Ng7 50.
Rc7 Ne8 51. Rc6 Kg7 52. Ke3 e6 53. Kd4 Rxc6 54. dxc6 Nc7 55. Ke5 1-0

[Event "13e tournoi d'automne - tournoi B"]
[Site "Montigny le Bretonneux"]
[Date "2014.10.24"]
[Round "7.3"]
[White "Wuhrmann, Daniel"]
[Black "Rousseau, Philippe"]
[Result "1/2-1/2"]
[WhiteElo "1739"]
[BlackElo "1760"]
[Annotator "Rivier,Sylvain"]
[PlyCount "91"]
[EventDate "2014.??.??"]

{Défense française, variante d'avance} 1. e4 e6 2. d4 d5 3. e5 c5 4. c3 Nc6 5.
Nf3 Bd7 6. dxc5 Bxc5 7. Bd3 Nge7 8. b4 Bb6 9. b5 Na5 10. O-O Nc4 11. a4 h6 12.
Bxc4 dxc4 13. Qe2 Qc7 14. Na3 Rc8 15. Nd2 O-O 16. Naxc4 Nd5 17. Nxb6 Nxc3 18.
Qg4 axb6 19. Re1 f5 20. Qg6 Qd8 21. Ba3 Rf7 22. Bd6 Nd5 23. Nf3 Nf4 24. Qg3 g5
25. h3 Rc3 26. Qh2 Qc8 27. Qh1 Qc4 28. Nd2 Qd3 29. Rad1 Ne2+ 30. Kh2 Rc2 31.
Nf3 Qc4 32. Qf1 g4 33. Nd2 Rxd2 34. Rxd2 Qf4+ 35. g3 Nxg3 36. fxg3 Qxd2+ 37.
Re2 Qg5 38. h4 Qd8 39. Rc2 f4 40. Rf2 fxg3+ 41. Kxg3 Rxf2 42. Qxf2 Qe8 43. Qf6
h5 44. Qg5+ Kh7 45. Qf6 Qg6 46. Qe7+ 1/2-1/2

[Event "13e tournoi d'automne - tournoi B"]
[Site "Montigny le Bretonneux"]
[Date "2014.10.24"]
[Round "7.4"]
[White "Couronne, Patrice"]
[Black "Fayolle, Guy"]
[Result "0-1"]
[WhiteElo "1698"]
[BlackElo "1754"]
[Annotator "Rivier,Sylvain"]
[PlyCount "53"]
[EventDate "2014.??.??"]

{Défense est-indienne, variante Sämisch orthodoxe} 1. d4 Nf6 2. c4 g6 3. Nc3
Bg7 4. e4 d6 5. f3 O-O 6. Be3 e5 7. d5 Na6 8. Qd2 c5 9. Nge2 Bd7 10. g4 h5 11.
gxh5 Nxh5 12. Ng3 f5 13. Bg5 Bf6 14. h4 Nxg3 15. Rg1 Bxg5 16. hxg5 Nxf1 17.
Rxf1 Kg7 18. O-O-O Rh8 19. Qg2 Qc7 20. exf5 Bxf5 21. Rg1 Rh5 22. Ne4 Rah8 23.
Rde1 Bxe4 24. Rxe4 Nb4 25. Re3 Qf7 26. Qg4 Qf5 27. Rc3 0-1

[Event "13e tournoi d'automne - tournoi B"]
[Site "Montigny le Bretonneux"]
[Date "2014.10.24"]
[Round "7.5"]
[White "Amiard, Jean-Claude"]
[Black "Mourgues, Joelle"]
[Result "1/2-1/2"]
[WhiteElo "1704"]
[BlackElo "1697"]
[Annotator "Rivier,Sylvain"]
[PlyCount "84"]
[EventDate "2014.??.??"]

{Défense sicilienne, attaque Sozin} 1. e4 c5 2. Nf3 Nc6 3. d4 cxd4 4. Nxd4 Nf6
5. Nc3 e6 6. a3 a6 7. Bc4 d6 8. O-O Be7 9. Bb3 Bd7 10. Be3 Na5 11. Ba2 b5 12.
b4 Rc8 13. Qd3 Nc4 14. Bc1 O-O 15. f4 Qc7 16. Rf3 e5 17. Nde2 Bg4 18. Rg3 Bxe2
19. Qxe2 exf4 20. Bxf4 Ne5 21. Bb3 Nc4 22. Rf1 Qa7+ 23. Kh1 Kh8 24. a4 Qb7 25.
axb5 axb5 26. Bg5 h6 27. Bxf6 Bxf6 28. Nd5 Bg5 29. Rf5 f6 30. Rf1 Nd2 31. Rd1
Nxb3 32. Rxb3 Rfe8 33. g3 f5 34. Rd4 Rc4 35. Rbd3 Rxe4 36. Rxe4 Rxe4 37. Qf3
Qd7 38. h4 Bc1 39. Qd1 Bb2 40. c3 Qe6 41. Qf3 Re1+ 42. Kg2 Re2+ 1/2-1/2

[Event "13e tournoi d'automne - tournoi B"]
[Site "Montigny le Bretonneux"]
[Date "2014.10.25"]
[Round "8.2"]
[White "Fayolle, Guy"]
[Black "Branson, James"]
[Result "1-0"]
[WhiteElo "1754"]
[BlackElo "1779"]
[Annotator "Rivier,Sylvain"]
[PlyCount "67"]
[EventDate "2014.??.??"]

{Défense Philidor} 1. e4 d6 2. d4 Nf6 3. Nc3 Nbd7 4. Be3 e5 5. Nf3 Be7 6. Qd2
c6 7. h3 O-O 8. O-O-O Qa5 9. Kb1 Re8 10. g4 exd4 11. Nxd4 Ne5 12. f4 Ng6 13. g5
c5 14. Nb3 Nxe4 15. Nxe4 Qc7 16. Bc4 Rd8 17. Nc3 Be6 18. Nd5 Qd7 19. Qe2 Qc8
20. h4 Bf8 21. h5 Bxd5 22. Bxd5 Ne7 23. g6 Nxd5 24. gxf7+ Kh8 25. Rxd5 Qe6 26.
Qd3 Qxf7 27. Nxc5 Rac8 28. Ne4 Rc6 29. Ng5 Qg8 30. Qf5 Rc7 31. Bd4 Rdc8 32. h6
b6 33. hxg7+ Rxg7 34. Rxh7+ 1-0

[Event "13e tournoi d'automne - tournoi B"]
[Site "Montigny le Bretonneux"]
[Date "2014.10.25"]
[Round "8.3"]
[White "Rousseau, Philippe"]
[Black "Couronne, Patrice"]
[Result "1-0"]
[WhiteElo "1760"]
[BlackElo "1698"]
[Annotator "Rivier,Sylvain"]
[PlyCount "106"]
[EventDate "2014.??.??"]

{Défense Pirc, variante classique} 1. e4 d6 2. d4 Nf6 3. Nc3 g6 4. Nf3 Bg7 5.
h3 O-O 6. Be3 e5 7. d5 Nh5 8. g4 Nf4 9. Qd2 c6 10. O-O-O c5 11. Bxf4 exf4 12.
Qxf4 a6 13. h4 Bxc3 14. bxc3 Qa5 15. Kd2 Qc7 16. h5 Qe7 17. Re1 f6 18. hxg6
hxg6 19. Qh2 Kf7 20. Qh7+ Ke8 21. Qxg6+ Rf7 22. Rh8+ Kd7 23. Qf5+ Kc7 24. Qxc8+
Kb6 25. Qd8+ Ka7 26. Qxe7 Rxe7 27. Nh4 Nd7 28. Rxa8+ Kxa8 29. Nf5 Rh7 30. f4
Rh2+ 31. Re2 Rh1 32. Rf2 b5 33. Nxd6 Ka7 34. Nf5 Kb6 35. Ng3 Rh8 36. Nh5 Ka5
37. Kc1 Ka4 38. Kb2 c4 39. Be2 Rb8 40. a3 a5 41. Rf1 Nc5 42. Nxf6 Rh8 43. Rf2
Rh3 44. Rf3 Rh2 45. Re3 b4 46. axb4 axb4 47. d6 bxc3+ 48. Kxc3 Rh1 49. Kxc4 Ne6
50. f5 Nf4 51. Bd3 Ng2 52. Rg3 Nf4 53. d7 Rh8 1-0

[Event "13e tournoi d'automne - tournoi B"]
[Site "Montigny le Bretonneux"]
[Date "2014.10.25"]
[Round "8.4"]
[White "Artieres, Michel"]
[Black "Wuhrmann, Daniel"]
[Result "1-0"]
[WhiteElo "1710"]
[BlackElo "1739"]
[Annotator "Rivier,Sylvain"]
[PlyCount "43"]
[EventDate "2014.??.??"]

{Défense sicilienne, attaque Richter-Rauser} 1. e4 c5 2. Nf3 d6 3. d4 cxd4 4.
Nxd4 Nf6 5. Nc3 a6 6. Bg5 e6 7. f4 Nc6 8. Qd2 Be7 9. O-O-O O-O 10. Be2 Qa5 11.
Kb1 Rd8 12. Nxc6 bxc6 13. Nd5 Qxd2 14. Nxe7+ Kf8 15. Rxd2 Kxe7 16. e5 d5 17. c4
h6 18. exf6+ gxf6 19. Bh4 a5 20. cxd5 cxd5 21. Rc1 Ra7 22. Bf2 1-0

[Event "13e tournoi d'automne - tournoi B"]
[Site "Montigny le Bretonneux"]
[Date "2014.10.25"]
[Round "8.5"]
[White "Duval, Dominique"]
[Black "Amiard, Jean-Claude"]
[Result "1-0"]
[WhiteElo "1730"]
[BlackElo "1704"]
[Annotator "Rivier,Sylvain"]
[PlyCount "65"]
[EventDate "2014.??.??"]

{Partie du pion dame} 1. d4 Nf6 2. Nf3 b6 3. e3 Bb7 4. Bd3 e6 5. O-O c5 6. Nbd2
d5 7. b3 cxd4 8. exd4 Bd6 9. Bb2 O-O 10. Qe2 Nbd7 11. Ne5 Rc8 12. f4 Ne8 13.
Rae1 Nc7 14. Ndf3 g6 15. Nxd7 Qxd7 16. Ne5 Qd8 17. Qg4 Bxe5 18. fxe5 Ba6 19.
Bxa6 Nxa6 20. Ba3 Re8 21. Rf6 Rxc2 22. Ref1 Qd7 23. Qf3 Rc7 24. Bd6 Rb7 25. g4
Nb8 26. h4 Nc6 27. Qf2 Rc8 28. Qf4 Kg7 29. h5 a5 30. h6+ Kg8 31. Rxg6+ hxg6 32.
Qf6 Nxd4 33. Qg7# 1-0

[Event "13e tournoi d'automne - tournoi B"]
[Site "Montigny le Bretonneux"]
[Date "2014.10.26"]
[Round "9.1"]
[White "Wuhrmann, Daniel"]
[Black "Billot, Daniel"]
[Result "1/2-1/2"]
[WhiteElo "1739"]
[BlackElo "1793"]
[Annotator "Rivier,Sylvain"]
[PlyCount "53"]
[EventDate "2014.??.??"]

{Partie espagnole, défense fermée} 1. e4 e5 2. Nf3 Nc6 3. Bb5 a6 4. Ba4 Nf6 5.
O-O Be7 6. Re1 b5 7. Bb3 Bb7 8. c3 d6 9. h3 O-O 10. d3 Re8 11. Ng5 Rf8 12. Nf3
Re8 13. Ng5 Rf8 14. Nf3 Re8 15. Nbd2 Na5 16. Bc2 Nc6 17. Bb3 Na5 18. Bc2 Nc6
19. Nf1 Nb8 20. Ng3 Nbd7 21. a3 Rb8 22. Bb3 Ba8 23. Ng5 Rf8 24. Nf3 Re8 25. Ng5
Rf8 26. Nf3 Re8 27. Ng5 1/2-1/2

[Event "13e tournoi d'automne - tournoi B"]
[Site "Montigny le Bretonneux"]
[Date "2014.10.26"]
[Round "9.2"]
[White "Branson, James"]
[Black "Rousseau, Philippe"]
[Result "0-1"]
[WhiteElo "1779"]
[BlackElo "1760"]
[Annotator "Rivier,Sylvain"]
[PlyCount "112"]
[EventDate "2014.??.??"]

{Gambit dame} 1. d4 e6 2. c4 d5 3. cxd5 exd5 4. Nf3 Nf6 5. Nc3 c6 6. e3 Bd6 7.
Qc2 O-O 8. Be2 h6 9. O-O Re8 10. Bd2 Ne4 11. Rac1 Bf5 12. Qb3 Qe7 13. h3 a5 14.
Bd1 Na6 15. Na4 Nxd2 16. Nxd2 Nb4 17. Nf3 Bd3 18. Re1 Bc4 19. Qc3 Nxa2 20. Qd2
Nxc1 21. Qxc1 Bb4 22. Nc3 a4 23. Nd2 Bxc3 24. Qxc3 Bb5 25. Bc2 g6 26. Ra1 Ra7
27. e4 Rea8 28. e5 a3 29. Nb3 Bc4 30. bxa3 Rxa3 31. Rb1 Qc7 32. Qg3 Kg7 33. h4
Bxb3 34. Rxb3 Rxb3 35. Qxb3 c5 36. Qxd5 cxd4 37. Be4 Ra1+ 38. Kh2 Ra5 39. Qxd4
Qxe5+ 40. Qxe5+ Rxe5 41. Bxb7 f5 42. g3 Kf6 43. Kg2 Rb5 44. Bc6 Rb3 45. Be8 g5
46. hxg5+ hxg5 47. Ba4 Ra3 48. Bd1 Ke5 49. Be2 g4 50. Bf1 Kd4 51. Bb5 Kc3 52.
Bd7 Ra5 53. Bc8 Kd2 54. Be6 Ke1 55. Bc4 Rc5 56. Be6 Rc2 0-1

[Event "13e tournoi d'automne - tournoi B"]
[Site "Montigny le Bretonneux"]
[Date "2014.10.26"]
[Round "9.3"]
[White "Amiard, Jean-Claude"]
[Black "Fayolle, Guy"]
[Result "1/2-1/2"]
[WhiteElo "1704"]
[BlackElo "1754"]
[Annotator "Rivier,Sylvain"]
[PlyCount "80"]
[EventDate "2014.??.??"]

{Partie écossaise} 1. e4 e5 2. Nf3 Nc6 3. d4 exd4 4. Nxd4 Nf6 5. Nxc6 bxc6 6.
Bd3 Bc5 7. O-O d6 8. Bg5 h6 9. Bf4 O-O 10. c3 Ng4 11. Qe2 Ne5 12. Bxe5 dxe5 13.
b4 Bd6 14. Nd2 a5 15. Rfb1 Be6 16. Bc4 Bd7 17. a4 Qe7 18. bxa5 Rxa5 19. Nb3 Ra7
20. a5 Bc5 21. Ba6 Rfa8 22. Nxc5 Qxc5 23. Bb7 Rb8 24. a6 Be6 25. Ra4 Qxc3 26.
Qb2 Qxb2 27. Rxb2 Bc8 28. Rab4 Kf8 29. f3 Bd7 30. Kf2 Ke7 31. Ke3 c5 32. R4b3
Be6 33. Rb5 Bd7 34. Rxc5 Rxa6 35. Rxc7 Ra3+ 36. Kf2 Rd3 37. Rbc2 Rd8 38. Bd5
Rf8 39. Ke2 Rd4 40. Ke3 f6 1/2-1/2

[Event "13e tournoi d'automne - tournoi B"]
[Site "Montigny le Bretonneux"]
[Date "2014.10.26"]
[Round "9.4"]
[White "Mourgues, Joelle"]
[Black "Duval, Dominique"]
[Result "1-0"]
[WhiteElo "1697"]
[BlackElo "1730"]
[Annotator "Rivier,Sylvain"]
[PlyCount "89"]
[EventDate "2014.??.??"]

{Début Réti} 1. Nf3 d6 2. g3 Nf6 3. Bg2 e5 4. d3 Be7 5. e4 Nbd7 6. O-O O-O 7.
Nbd2 c6 8. a4 b6 9. Nc4 Qc7 10. Ne3 g6 11. h4 Re8 12. Ng5 Bf8 13. f4 Bg7 14. f5
h6 15. Nh3 Nf8 16. Kh2 N8h7 17. g4 Qd8 18. g5 hxg5 19. hxg5 Nh5 20. f6 Bxf6 21.
gxf6 N7xf6 22. Rh1 Kg7 23. Qf3 Bxh3 24. Bxh3 Nf4 25. Kg1 Rh8 26. Ng4 N6h5 27.
Be3 c5 28. Kf1 Qe7 29. Ke1 Rh7 30. Kd2 Rah8 31. Bg2 Qg5 32. Rag1 Qe7 33. Bf1
Kf8 34. Nf2 Qd7 35. b3 b5 36. axb5 Qxb5 37. d4 Qa5+ 38. Kd1 Qa1+ 39. Bc1 Qxd4+
40. Nd3 Ke7 41. Bb2 Qxg1 42. Rxg1 Nxd3 43. cxd3 Nf4 44. Kd2 Rh2+ 45. Kc3 1-0

[Event "13e tournoi d'automne - tournoi B"]
[Site "Montigny le Bretonneux"]
[Date "2014.10.26"]
[Round "9.5"]
[White "Couronne, Patrice"]
[Black "Artieres, Michel"]
[Result "1-0"]
[WhiteElo "1698"]
[BlackElo "1710"]
[Annotator "Rivier,Sylvain"]
[PlyCount "153"]
[EventDate "2014.??.??"]

{Défense vieille indienne, variante ukrainienne} 1. d4 Nf6 2. c4 d6 3. Nc3 e5
4. Nf3 e4 5. Nd2 Bf5 6. g3 Qe7 7. Bg2 c6 8. d5 Nbd7 9. O-O Nb6 10. a4 a5 11.
Qb3 Ra6 12. dxc6 bxc6 13. Rd1 g6 14. Nf1 Bg7 15. Bf4 Nc8 16. Ne3 O-O 17. Nxf5
gxf5 18. Rd2 Rb6 19. Qc2 Rb4 20. b3 Nd7 21. Rb1 Ne5 22. Bh3 Qf6 23. Na2 Rb7 24.
Qc3 Ne7 25. Rbd1 Nf3+ 26. exf3 Qxc3 27. Nxc3 Bxc3 28. Rxd6 exf3 29. R6d3 Bb4
30. Rxf3 Kg7 31. Rfd3 Bc5 32. Be3 Bb4 33. Bg2 Rc7 34. Bf4 Rcc8 35. h4 h5 36.
Bf3 Kg6 37. Bd6 Rfd8 38. Bxe7 Rxd3 39. Rxd3 Bxe7 40. Rd7 Bf6 41. Ra7 Bc3 42.
Ra6 f4 43. Bxc6 f6 44. Be4+ Kf7 45. gxf4 Rg8+ 46. Kf1 Rg4 47. Bd5+ Ke7 48. c5
Rxf4 49. c6 Bd4 50. f3 Kd6 51. Rxa5 Bb6 52. Rb5 Bc7 53. a5 Rf5 54. a6 Rxd5 55.
a7 Rxb5 56. a8=Q Rc5 57. Qf8+ Kd5 58. Qf7+ Kxc6 59. Qxf6+ Bd6 60. Ke2 Re5+ 61.
Kf2 Rb5 62. Qe6 Re5 63. Qc4+ Rc5 64. Qa4+ Rb5 65. Ke3 Kb6 66. f4 Rb4 67. Qe8
Rxb3+ 68. Ke2 Rb5 69. Qg6 Kc7 70. f5 Kd7 71. Qxh5 Be7 72. Qf7 Kd8 73. h5 Rb6
74. Kf3 Rf6 75. Qd5+ Bd6 76. Kg4 Kd7 77. Kg5 1-0